Guess the Taylor Swift Song #1 - Statistics

General Stats
  • This quiz has been taken 21 times
  • The average score is 75 of 150
Answer Stats
Answer % Correct
you
100%
a
95%
the
95%
me
89%
we
89%
no
84%
to
84%
in
79%
It's
79%
like
79%
too
79%
my
74%
on
74%
one
58%
been
53%
have
53%
Have
53%
out
53%
up
53%
down
47%
You've
47%
Something
42%
back
37%
Feels
37%
friend
37%
give
37%
hand
37%
home
37%
nice
37%
School
37%
walk
37%
bell
32%
gave
32%
nerve
32%
ring
32%
rings
32%
tell
32%
touch
32%
yeah
32%
babe
26%
bed
26%
bluff
26%
Call
26%
call
26%
fun
26%
games
26%
lately
26%
Light
26%
looks
26%
note
26%
pass
26%
roof
26%
sounds
26%
stressed
26%
Sun
26%
chalk
21%
covered
21%
everyday
21%
gloves
21%
hang
21%
Lost
21%
ooh
21%
questions
21%
sidewalk
21%
sky
21%
sleeping
21%
snow
21%
stay
21%
tents
21%
Twenty
21%
Video
21%
Wanna
21%
bells
16%
carry
16%
Church
16%
curfew
16%
ground
16%
pink
16%
Rice
16%
sinks
16%
truth
16%
No matching quizzes found
Score Distribution
Percent of People with Each Score
Percentile by Number Answered
Your Score History
You have not taken this quiz